000 00847nam a22002417a 4500
005 20140903174921.0
008 130926s2011 enk frn 001 0 eng
020 _a9780415600576
020 _a9780415600583
040 _aCO-BoUCM
_cAngélica Rojas
_dAldemar Mondragón
_bspa
041 0 0 _aeng
100 1 _aWitzel, Morgen
_944636
245 1 2 _aAhistory of management thought
_cMorgen Witzel
260 _aMilton Park, Abingdon, Oxon
_aNew York
_bRoutledge
_c2011
300 _a318 páginas
504 _aIncluye referencias bibliográficas e índices
650 7 _aAdministración
_xFilosofía
_934076
650 7 _aAdministración
_xHistoria
_934744
650 7 _aAdministración
_xTeoría
_944637
690 _942736
_aAdministración de empresas
942 _a16
_cLIBRO
_e1
_mW833h
_2DEWEY
_h658.01
999 _c180314
_d180314